| 000 | 00375nam a2200133Ia 4500 | ||
|---|---|---|---|
| 008 | 191206s9999 xx 000 0 und d | ||
| 020 | _a797421238 | ||
| 090 | _aS619W38W39 | ||
| 245 | 0 | _awater harvester: episodes from the inspired life of Zephaniah Phiri | |
| 260 | _aWeaver Press | ||
| 260 | _cc2000 | ||
| 300 | _a"vii, 61 p. : ill. ; 25 cm." | ||
| 999 |
_c17270 _d17270 |
||